| 000 -LEADER |
| fixed length control field |
01719nam a22001937a 4500 |
| 020 ## - INTERNATIONAL STANDARD BOOK NUMBER |
| ISBN |
9781544309705 |
| 082 ## - DEWEY DECIMAL CLASSIFICATION NUMBER |
| Classification number |
658.4 |
| Item number |
L6641 2021 |
| 100 ## - MAIN ENTRY--AUTHOR NAME |
| Personal name |
Daniel Levi, author. |
| 245 ## - TITLE STATEMENT |
| Title |
Group dynamics for teams / Daniel Levi, David A. Askay. |
| 260 ## - PUBLICATION, DISTRIBUTION, ETC. (IMPRINT) |
| Place of publication |
Thousand Oaks, CA : |
| Name of publisher |
SAGE Publications, Inc. |
| Year of publication |
©2021. |
| 300 ## - PHYSICAL DESCRIPTION |
| Number of Pages |
1 online resource, xiv, 448 pages : |
| Other physical details |
illustrations |
| 500 ## - GENERAL NOTE |
| General note |
Includes bibliographical references and index.
|
| 505 ## - FORMATTED CONTENTS NOTE |
| Formatted contents note |
Introduction – Part I Characteristics of Teams – Understanding Teams – Defining Team Success – Part II Processes of Teamwork – Team Beginnings – Understanding the Basic Team Processes – Cooperation and Competition – Communication – Part III Issues Teams Face – Managing Conflict – Social Influence and Power – Decision Making – Leadership and Followership – Problem Solving – Creativity, Innovation, and Design Thinking – Diversity and Inclusion – Team, Organizational, and International Culture – Virtuality and Teamwork – Evaluating and Rewarding Team Performance – Team Development Interventions – Appendix: Guide to Student Team Projects.
|
| 520 ## - SUMMARY, ETC. |
| Summary, etc |
"Grounded in psychology research but with a practical focus on organizational behavior issues, Group Dynamics for Teams, Sixth Edition helps readers understand and participate in teams more effectively in day-to-day work. This latest edition has been thoroughly updated, with coverage of the latest research included in each chapter by expert author David Askay of California Polytechnic State University, San Luis Obispo"-- Provided by publisher.
|
| 650 ## - SUBJECT ADDED ENTRY--TOPICAL TERM |
| Topical Term |
Teams. |
| 650 ## - SUBJECT ADDED ENTRY--TOPICAL TERM |
| Topical Term |
Teams in the workplace. |
| 700 ## - ADDED ENTRY--PERSONAL NAME |
| Personal name |
Askay, David A. |
| 942 ## - ADDED ENTRY ELEMENTS (KOHA) |
| Koha item type |
Electronic Books |